LEADER 01111nam0-22003611i-450- 001 990007873950403321 005 20040423134520.0 010 $a88-8114-797-1 020 $aIT$b99-6672 035 $a000787395 035 $aFED01000787395 035 $a(Aleph)000787395FED01 035 $a000787395 100 $a20040423d1998----km-y0itay50------ba 101 0 $aita 102 $aIT 105 $ay---n---001yy 200 1 $a<>altra Europa$el' Europa centrale e i Balcani verso l'Unione europea$fB. Andreatta ... [et al.]$ga cura di Rade Petrovic e Francesco Russo 210 $aNapoli [etc.]$cEdizioni scientifiche italiane$d[1998] 215 $a251 p.$d24 cm 225 1 $aGlobo 300 $aPubbl. in occasione di un convegno tenuto a Trieste nel 1997 676 $a943.0009049$v20$zita 702 1$aAndreatta,$bNino$f<1928-2007> 702 1$aRusso,$bFrancesco <1969- > 702 1$aPetrovic,$bRade 801 0$aIT$bUNINA$gRICA$2UNIMARC 901 $aBK 912 $a990007873950403321 952 $aQ 384$bs.i.$fDSI 959 $aDSI 996 $aAltra Europa$962623 997 $aUNINA LEADER 01734nam 2200385 a 450 001 9910698865703321 005 20090512162300.0 035 $a(CKB)5470000002397207 035 $a(OCoLC)320854676 035 $a(EXLCZ)995470000002397207 100 $a20090512d2009 ua 0 101 0 $aeng 135 $aurcn||||a|||| 181 $ctxt$2rdacontent 182 $cc$2rdamedia 183 $acr$2rdacarrier 200 00$aGuidance for industry$b[electronic resource] $eQ4B evaluation and recommendation of pharmacopoeial texts for use in the ICH region$hAnnex 4C$iMicrobiological examination of nonsterile products : acceptance criteria for pharmaceutical preparations and substances for pharmaceutical use general chapter 210 1$aRockville, MD :$cU.S. Dept. of Health and Human Services, Food and Drug Administration, Center for Drug Evaluation and Research :$cCenter for Biologics Evaluation and Research,$d[2009] 215 $ai, 3 pages $cdigital, PDF file 300 $aTitle from title screen (viewed on May 12, 2009). 300 $a"April 2009." 320 $aIncludes bibliographical references (page 3). 517 $aGuidance for industry 606 $aPharmacopoeias$xStandards$xInternational cooperation 606 $aDrugs$xMicrobiology$xStandards$xInternational cooperation 615 0$aPharmacopoeias$xStandards$xInternational cooperation. 615 0$aDrugs$xMicrobiology$xStandards$xInternational cooperation. 712 02$aCenter for Drug Evaluation and Research (U.S.) 712 02$aCenter for Biologics Evaluation and Research (U.S.) 801 0$bGPO 801 1$bGPO 906 $aBOOK 912 $a9910698865703321 996 $aGuidance for industry$93434577 997 $aUNINA